| 000 | 01035cam a22003133a 4500 | ||
|---|---|---|---|
| 001 | 21876 | ||
| 003 | PGUSA | ||
| 005 | 20140828083451.0 | ||
| 008 | 070620s2007||||xxu|||||s|||||000 1 eng d | ||
| 040 |
_aPGUSA _beng |
||
| 042 | _adc | ||
| 050 | 4 | _aPZ | |
| 100 | 1 |
_aBaum, L. Frank _q(Lyman Frank), _d1856-1919 |
|
| 245 | 1 | 0 |
_aMary Louise and the Liberty Girls _h[electronic resource] / _cL. Frank Baum |
| 260 |
_bProject Gutenberg, _c2007 |
||
| 506 | _aPublic domain in the USA. | ||
| 516 | _aElectronic text | ||
| 653 | _aTeenage girls -- Juvenile fiction | ||
| 653 | _aBurrows, Mary Louise (Fictitious character) -- Juvenile fiction | ||
| 653 | _aMiddle West -- Juvenile fiction | ||
| 653 | _aWorld War, 1914-1918 -- War work -- Juvenile fiction | ||
| 653 | _aTraitors -- Juvenile fiction | ||
| 653 | _aMystery and detective stories | ||
| 653 | _aLiberty bonds -- Juvenile fiction | ||
| 700 | 1 | _aCarsey, Alice | |
| 830 | 0 |
_aProject Gutenberg _v21876 |
|
| 856 | 4 | 0 | _uhttp://www.gutenberg.org/ebooks/21876 |
| 942 | _cEB | ||
| 999 |
_c251131 _d251131 |
||